Vitoria Gasteiz en el arte. (Record no. 66495)

MARC details
000 -LEADER
campo de control de longitud fija 00912nam a2200253 i 4500
001 - NÚMERO DE CONTROL
campo de control 66495
003 - IDENTIFICADOR DE NÚMERO DE CONTROL
campo de control ES-MaACL
005 - FECHA Y HORA DE LA ÚLTIMA TRANSACCIÓN
campo de control 20230906165653.0
007 - CAMPO FIJO DE DESCRIPCIÓN FÍSICA--INFORMACIÓN GENERAL
campo de control de longitud fija t|
008 - DATOS DE LONGITUD FIJA--INFORMACIÓN GENERAL
campo de control de longitud fija 981015s1997 sp ||||0| spa d
020 ## - NÚMERO INTERNACIONAL ESTÁNDAR DEL LIBRO
Número Internacional Estándar del Libro 84-87645-59-3
040 ## - FUENTE DE CATALOGACIÓN
Centro catalogador/agencia de origen M-BN
Lengua de catalogación spa
Centro/agencia transcriptor M-BN
080 ## - NÚMERO DE LA CLASIFICACIÓN DECIMAL UNIVERSAL
Número de la Clasificación Decimal Universal 7(460.156 V.)
245 00 - MENCIÓN DEL TÍTULO
Título Vitoria Gasteiz en el arte.
250 ## - MENCION DE EDICION
Mención de edición 1ª ed. en castellano.
260 ## - PUBLICACIÓN, DISTRIBUCIÓN, ETC.
Lugar de publicación, distribución, etc. [Vitoria-Gasteiz] :
Nombre del editor, distribuidor, etc. Gobierno Vasco, Departamento de Cultura :
-- Diputación Foral de Alava :
-- Ayuntamiento de Vitoria-Gasteiz,
Fecha de publicación, distribución, etc. 1997.
300 ## - DESCRIPCIÓN FÍSICA
Extensión 2 v. (597 p.) :
Otras características físicas principalmente il. col. ;
Dimensiones 33 cm.
650 14 - PUNTO DE ACCESO ADICIONAL DE MATERIA--TÉRMINO DE MATERIA
Término de materia o nombre geográfico como elemento de entrada Arte-
Subdivisión geográfica Vitoria-Gasteiz.
9 (RLIN) 10147
651 #4 - PUNTO DE ACCESO ADICIONAL DE MATERIA--NOMBRE GEOGRÁFICO
Nombre geográfico Vitoria-Gasteiz-
Subdivisión de forma Obras ilustradas.
9 (RLIN) 9539
710 1# - ENTRADA AGREGADA--NOMBRE DE ENTIDAD CORPORATIVA
Nombre de entidad corporativa o nombre de jurisdicción como elemento de entrada País Vasco.
Unidad subordinada Departamento de Cultura.
9 (RLIN) 6089
710 1# - ENTRADA AGREGADA--NOMBRE DE ENTIDAD CORPORATIVA
Nombre de entidad corporativa o nombre de jurisdicción como elemento de entrada Álava.
Unidad subordinada Consejo de Cultura.
9 (RLIN) 1309
710 1# - ENTRADA AGREGADA--NOMBRE DE ENTIDAD CORPORATIVA
Nombre de entidad corporativa o nombre de jurisdicción como elemento de entrada Vitoria-Gasteiz.
Unidad subordinada Ayuntamiento.
9 (RLIN) 7560
852 ## - LOCALIZACIÓN
Ubicación ES-MaACL
Número de control de estantería L-26979-80
Sublocalización o colección R.132351
Holdings
Estatus retirado Estado de pérdida Estado de daño No para préstamo Biblioteca de origen Biblioteca actual Ubicación en estantería Fecha de adquisición Fuente de adquisición Total de préstamos Signatura topográfica completa Código de barras Visto por última vez Precio de reemplazo Tipo de ítem Koha
        Biblioteca del Ateneo de Madrid Biblioteca del Ateneo de Madrid Depósito 2 17/01/2008     L-26979-80 1069657 23/02/2023 23/02/2023 Libro impreso